00326nam a2200133 a 4500008004100000020001500041050001600056100001900072245002000091260003500111300001600146350000900162650002100171120416s1974 ||||||||||||||||| || u a0214668924 aE 99.E7 Her aHerbert, Marie14aThe snow people aLondonbBarrie & Jenkinsc1974 a229 p. ill. a0.00 aINUIT--GREENLAND